[Event "Tourn. n9276"]
[Site "www.chess-mail.com"]
[Date "2017.03.11"]
[Round "1"]
[White "Sozaro"]
[Black "Chessghuttlu"]
[WhiteElo "1699"]
[BlackElo "1839"]
[Result "1-0"]
[Round "1"]
1.e4 c5
2.Nb1c3 d6
3.Ng1f3 Nb8c6
4.d4 cxd4
5.Nf3xd4 Bc8d7
6.Bf1c4 e6
7.Nd4b3  { time }
1-0

[Event "Match"]
[Site "www.echecsemail.com"]
[Date "2017.03.11"]
[Round "1"]
[White "Sonfamen"]
[Black "Pwain"]
[WhiteElo "1809"]
[BlackElo "2400"]
[Result "0-1"]
[Round "1"]
1.b3 e5
2.Bc1b2 Nb8c6
3.e3 d5
4.d3 Bf8c5
5.Ng1e2 Ng8f6
6.h3 O-O
7.Ne2g3 d4
8.e4 Nf6e8
9.Nb1d2 Ne8d6
 { time }
0-1

[Event "Match"]
[Site "www.echecsemail.com"]
[Date "2017.03.11"]
[Round "1"]
[White "Chessghuttlu"]
[Black "Iko"]
[WhiteElo "1449"]
[BlackElo "1630"]
[Result "0-1"]
[Round "1"]
1.e4 e5
2.Ng1f3 d5
3.exd5 Qd8xd5
4.d3 Bc8g4
5.Bf1e2 e4
6.dxe4 Qd5xe4
7.O-O Bg4xf3
8.Be2xf3 Qe4b4
9.Rf1e1 Bf8e7
10.b3 Nb8d7
11.Bc1a3 Qb4b6
 { time }
0-1

[Event "Match"]
[Site "www.echecsemail.com"]
[Date "2017.03.11"]
[Round "1"]
[White "Sozaro"]
[Black "Caspito"]
[WhiteElo "1699"]
[BlackElo "1920"]
[Result "1-0"]
[Round "1"]
1.e4 e5
2.Ng1f3 Nb8c6
3.Bf1b5 a6
4.Bb5xc6 dxc6
5.O-O Bc8g4
6.h3 Bg4h5
7.d3 Bf8d6
8.Nb1d2 Ng8f6
9.Nd2c4 O-O
10.g4 Bh5xg4
11.hxg4 Nf6xg4
12.Kg2 Qd8f6
13.Nf3g5 Ng4h6
14.Qd1h5 Bd6e7
15.Ng5f3 Qf6e6
16.Bc1xh6 Qe6xh6
17.Qh5xh6 gxh6
18.Nc4xe5 Ra8d8
19.Ne5g4 Rd8d6
20.Rf1h1 Kg7
21.Ng4e3 Rd6g6
22.Kf1 Kh8
23.Ke2 Be7f6
24.Rh1h5 b6
25.c3 b5
26.Ra1h1 Rf8g8
27.Ne3f5 Rg8e8
28.Rh5xh6 Re8e6
29.Rh6xh7 Kg8
30.Nf3d4 { resign }
1-0

[Event "Match"]
[Site "www.echecsemail.com"]
[Date "2017.03.11"]
[Round "1"]
[White "Genius3"]
[Black "Gambitmiau"]
[WhiteElo "1870"]
[BlackElo "1930"]
[Result "0-1"]
[Round "1"]
1.d4 d5
2.c4 e6
3.cxd5 Qd8xd5
4.Nb1c3 Qd5a5
5.Ng1f3 Bf8b4
6.Bc1d2 Ng8f6
7.a3 Bb4d6
8.e3 Qa5h5
9.Bf1e2 g5
10.O-O Qh5g6
11.h3 Nb8c6
12.Nc3b5 Bc8d7
13.Nb5xd6 cxd6
14.b4 a6
15.Kh1 e5
16.dxe5 Nf6e4
17.exd6 O-O
18.Nf3d4 Nc6xd4
19.exd4 Qg6h6
20.Be2f3 Bd7xh3
21.Bf3xe4 Bh3g4
 { time }
0-1

[Event "Match"]
[Site "www.echecsemail.com"]
[Date "2017.03.11"]
[Round "1"]
[White "Pariolinius"]
[Black "Osvalazo"]
[WhiteElo "1890"]
[BlackElo "1800"]
[Result "1-0"]
[Round "1"]
1.d4 d5
2.c4 dxc4
3.Nb1c3 Nb8c6
4.Ng1f3 Ng8f6
5.Bc1f4 a6
6.e3 b5
7.a3 Bc8f5
8.Bf1e2 Bf5e4
9.Nc3xe4 Nf6xe4
10.O-O Qd8d7
11.Qd1c2 Qd7f5
12.Ra1c1 Ra8d8
13.Nf3h4 Qf5d5
14.Bf4xc7 Rd8c8
15.Bc7f4 Nc6a5
16.Be2f3 f5
17.Bf4e5 e6
18.Bf3h5 Kd7
19.Bh5e2 Rh8g8
20.Nh4f3 Na5b3
21.Rc1d1 c3
22.bxc3 Rc8xc3
23.Qc2b2 g5
24.Nf3e1 b4
25.a4 Nb3a5
26.Ne1d3 Rc3b3
27.Qb2c2 Rb3c3
28.Qc2b2 Na5c4
29.Qb2b1 Nc4d2
30.Qb1a1 Nd2xf1
31.Kxf1 Rc3a3
32.Qa1c1 Bf8d6
33.Be5xd6 Qd5xd6
34.Nd3c5 Ke7
35.Nc5xa6 Ra3c3
36.Qc1b2 b3
37.Na6c5 Rc3c2
38.Qb2xb3 Rc2c3
39.Qb3b7 Kf6
40.Nc5xe4 fxe4
41.Qb7xe4 Qd6xh2
42.Ke1 Rg8g6
43.Kd2 Qh2c7
44.Be2d3 Qc7a5
45.Qe4f3 Kg7
46.Bd3xg6 hxg6
47.Ke2 Qa5a6
48.Ke1 Qa6a5
49.Kf1 Qa5xa4
50.Rd1e1 Qa4c4
51.Kg1 Kh6
52.Qf3f8 Kh7
53.Qf8e7 Kh6
54.g4 Rc3c2
55.Qe7f8 Kh7
56.Kg2 Qc4d5
57.e4 Qd5xd4
58.Re1h1 { resign }
1-0

[Event "Match"]
[Site "www.echecsemail.com"]
[Date "2017.03.11"]
[Round "1"]
[White "Mrmoto"]
[Black "Azorau"]
[WhiteElo "1650"]
[BlackElo "1820"]
[Result "1-0"]
[Round "1"]
1.e4 e5
2.Ng1f3 Nb8c6
3.Nb1c3 Bf8c5
4.Nf3xe5 Bc5xf2
5.Kxf2 Qd8f6
6.Ne5f3 Ng8h6
7.h3 O-O
8.a3 Nc6d4
9.d3 Rf8e8
10.Bc1g5 Qf6xg5
11.Nf3xg5 Re8e5
12.Ng5f3 Nd4xf3
13.Qd1xf3 Re5e6
14.Qf3g3 Re6f6
15.Kg1 d6
16.Nc3d5 Rf6g6
17.Nd5e7 Kh8
18.Ne7xg6 fxg6
19.Kh2 Bc8e6
20.Bf1e2 Nh6f7
21.Be2g4 Ra8e8
22.Ra1f1 Nf7g5
23.Qg3e3 h6
24.Qe3xa7 { resign }
1-0

[Event "Match"]
[Site "www.echecsemail.com"]
[Date "2017.03.11"]
[Round "1"]
[White "Billyg"]
[Black "Raulazo"]
[WhiteElo "1710"]
[BlackElo "1830"]
[Result "0-1"]
[Round "1"]
1.e4 e5
2.Ng1f3 Nb8c6
3.d4 exd4
4.Nf3xd4 Bf8b4
5.c3 Bb4c5
6.Bc1e3 Ng8f6
7.Nd4xc6 bxc6
8.Be3xc5 d6
9.Bc5b4 c5
10.Bf1b5 Bc8d7
11.Bb5xd7 Qd8xd7
12.Bb4a5 O-O
13.a4 Nf6xe4
14.O-O Ra8b8
15.c4 Rb8xb2
16.Qd1f3 f5
17.Qf3e3 Rf8e8
18.Qe3c1 Re8b8
19.Ba5c3 Rb2b3
20.f3 Ne4xc3
21.Nb1xc3 Qd7f7
22.Nc3d5 c6
23.Nd5c3 Qf7g6
24.Ra1b1 f4
25.Rb1xb3 Rb8xb3
26.Qc1a1 Qg6c2
27.Rf1c1 Qc2g6
28.Qa1a2 Rb3b4
29.Rc1b1 Qg6e6
30.Rb1xb4 Qe6e1
{ resign }
0-1

[Event "1/128 Finale"]
[Site "www.chess-mail.com"]
[Date "2017.03.11"]
[Round "1"]
[White "Grimsby"]
[Black "Sorento"]
[WhiteElo "1390"]
[BlackElo "1499"]
[Result "0-1"]
[Round "1"]
1.d4 d5
2.c4 dxc4
3.Ng1f3 Ng8f6
4.e3 b5
5.a4 c6
6.axb5 cxb5
7.b3 e6
8.bxc4 bxc4
9.Bf1xc4 Bf8d6
10.O-O O-O
11.Nb1c3 Nb8c6
12.Bc1a3 a5
13.Nc3b5 Bd6xa3
14.Nb5xa3 Bc8b7
15.Bc4b5 Nc6b4
16.Nf3e5 Nf6e4
17.Na3c4 Ne4c3
18.Qd1b3 Nc3xb5
19.Nc4xa5 Qd8d5
20.Qb3xd5 Bb7xd5
21.Na5c4 f6
{ resign }
0-1

[Event "Fast Game"]
[Site "www.echecsemail.com"]
[Date "2017.03.11"]
[Round "1"]
[White "Mechjoura"]
[Black "Autmich"]
[WhiteElo "1599"]
[BlackElo "1599"]
[Result "0-1"]
[Round "1"]
1.c4 Ng8f6
2.d4 e6
3.Bc1f4 Bf8b4
4.Nb1c3 d5
5.Qd1a4 Nb8c6
6.e3 Nf6e4
7.Ng1e2 O-O
8.cxd5 exd5
9.f3 Bb4xc3
10.bxc3 Ne4f6
11.g4 Bc8d7
12.Ne2g3 Nc6e5
13.Qa4d1 Ne5g6
14.g5 Nf6e8
15.h4 Ng6xf4
16.exf4 Ne8d6
17.Bf1d3 Rf8e8
18.Ng3e2 Bd7f5
19.Bd3xf5 Nd6xf5
20.Kf2 Qd8d6
21.h5 Re8e6
22.Qd1c2 g6
23.hxg6 fxg6
24.Rh1h3 Ra8e8
25.Ra1e1 c5
26.Qc2b3 Re8e7
27.Qb3a3 cxd4
28.Qa3xd6 Nf5xd6
 { time }
0-1

[Event "Tourn. n9257"]
[Site "www.chess-mail.com"]
[Date "2017.03.12"]
[Round "1"]
[White "Pdebonis"]
[Black "Gimmyg"]
[WhiteElo "2520"]
[BlackElo "2500"]
[Result "1/2-1/2"]
[Round "1"]
1.e4 c5
2.Ng1f3 d6
3.d4 cxd4
4.Nf3xd4 Ng8f6
5.Nb1c3 a6
6.Bc1g5 e6
7.f4 Bf8e7
8.Qd1f3 Nb8d7
9.O-O-O Qd8c7
10.g4 b5
11.Bg5xf6 Nd7xf6
12.g5 Nf6d7
13.f5 Be7xg5
14.Kb1 O-O
15.fxe6 Nd7b6
16.Nc3d5 Nb6xd5
17.exd5 fxe6
18.Qf3g4 Bg5f6
19.Nd4xe6 Bf6e5
20.Bf1d3 Bc8xe6
21.dxe6 Rf8f4
22.Qg4g2 Ra8f8
23.Rd1f1 Rf4xf1
24.Rh1xf1 Rf8xf1
25.Bd3xf1 Qc7e7
{ draw }
1/2-1/2

[Event "Tourn. n9113"]
[Site "www.chess-mail.com"]
[Date "2017.03.12"]
[Round "1"]
[White "Xkafi"]
[Black "Libiesse"]
[WhiteElo "1940"]
[BlackElo "1970"]
[Result "1-0"]
[Round "1"]
1.e4 c5
2.Bf1c4 e6
3.a3 Nb8c6
4.c3 a6
5.Ng1f3 b5
6.Bc4a2 Bc8b7
7.d3 d6
8.Nb1d2 Ng8f6
9.O-O Bf8e7
10.Nf3g5 d5
11.exd5 exd5
12.Nd2f3 O-O
13.Rf1e1 Qd8b6
14.Bc1e3 Rf8e8
15.Qd1c2 Be7d6
16.d4 c4
17.b3 h6
18.Ng5h3 Ra8c8
19.bxc4 dxc4
20.d5 Bd6c5
21.dxc6 Bb7xc6
22.Nf3d4 Bc6e4
23.Qc2b2 Qb6b7
24.f3 Bc5xd4
25.Be3xd4 Be4xf3
26.gxf3 Qb7xf3
27.Qb2g2 Qf3d3
28.Nh3f4 Qd3f5
29.Re1f1 Qf5d7
30.Ra1d1 Qd7c6
31.Qg2g3 Rc8d8
32.Nf4h3 Rd8d6
33.Ba2b1 Rd6e6
34.Nh3f4 Re6e7
35.Bb1f5 { resign }
1-0

[Event "Tourn. n9267"]
[Site "www.chess-mail.com"]
[Date "2017.03.12"]
[Round "1"]
[White "Cal"]
[Black "Chessghuttlu"]
[WhiteElo "1630"]
[BlackElo "1449"]
[Result "1-0"]
[Round "1"]
1.d4 Ng8f6
2.Nb1c3 e6
3.a3 d5
4.b4 Nb8d7
5.h3 a6
6.Bc1g5 Bf8e7
7.Ng1f3 O-O
8.Bg5xf6 Nd7xf6
9.e3  { time }
1-0

[Event "Tourn. n9202"]
[Site "www.chess-mail.com"]
[Date "2017.03.12"]
[Round "1"]
[White "Lucaschess"]
[Black "Genius3"]
[WhiteElo "1979"]
[BlackElo "1930"]
[Result "1-0"]
[Round "1"]
1.e4 e5
2.Ng1f3 Nb8c6
3.Bf1c4 Bf8c5
4.b4 Bc5b6
5.a4 a6
6.Nb1c3 d6
7.Nc3d5 Ng8f6
8.Nd5xb6 cxb6
9.Nf3g5 O-O
10.c3 Qd8e7
11.O-O Bc8g4
12.f3 Bg4d7
13.d4 h6
14.Ng5h3 exd4
{ time. }
1-0

[Event "Tourn. n9202"]
[Site "www.chess-mail.com"]
[Date "2017.03.12"]
[Round "1"]
[White "Genius3"]
[Black "Falcoale"]
[WhiteElo "1950"]
[BlackElo "1870"]
[Result "0-1"]
[Round "1"]
1.d4 Ng8f6
2.Bc1g5 e6
3.Nb1d2 h6
4.Bg5h4 Bf8e7
5.e3 O-O
6.Ng1f3 d5
7.Bf1d3 Nb8d7
8.O-O b6
9.c4 Bc8b7
10.Qd1e2 c5
11.cxd5 Nf6xd5
12.Bh4xe7 Qd8xe7
13.dxc5 Nd7xc5
14.Nd2b3 Nc5xd3
15.Qe2xd3 Ra8d8
16.Qd3e2 a5
17.Nb3d4 f6
18.Rf1d1 Rd8e8
19.Ra1c1 { time. }
0-1

[Event "Tourn. n9217"]
[Site "www.chess-mail.com"]
[Date "2017.03.12"]
[Round "1"]
[White "Pachi"]
[Black "Vasylpuzanov"]
[WhiteElo "1540"]
[BlackElo "1510"]
[Result "0-1"]
[Round "1"]
1.e4 e5
2.Ng1f3 Nb8c6
3.Bf1b5 a6
4.Bb5xc6 dxc6
5.Nf3xe5 Qd8d4
6.Qd1h5 Qd4xe4
7.Kd1 g6
8.Qh5g5 f6
9.Rh1e1 Qe4xe1
10.Kxe1 fxg5
11.d4 Bf8e7
12.c4 Be7f6
13.Ne5f3 h6
14.h3 Ng8e7
15.a4 Bc8f5
16.Nb1c3 O-O-O
17.g4 Bf5e6
18.d5 cxd5
{ resign }
0-1

[Event "Tourn. n9271"]
[Site "www.chess-mail.com"]
[Date "2017.03.12"]
[Round "1"]
[White "Panham"]
[Black "Bojan"]
[WhiteElo "2110"]
[BlackElo "2030"]
[Result "1-0"]
[Round "1"]
1.e4 e5
2.Ng1f3 d6
3.Bf1c4 Bf8e7
4.O-O Ng8f6
5.Rf1e1 h6
6.d4 Nb8c6
7.d5 Nc6a5
8.Bc4d3 c6
9.b4 cxd5
10.bxa5 dxe4
11.Bd3xe4 Qd8xa5
12.Be4d3 Bc8g4
13.Qd1d2 Qa5d5
14.Nb1c3 Qd5a5
15.Nc3e4 Qa5c7
16.Ne4xf6 Be7xf6
17.Nf3d4 O-O
18.Bd3f5 Bg4h5
19.Nd4b5 Qc7b6
20.Ra1b1 Rf8d8
21.Qd2e3 Qb6a5
22.Nb5c3 d5
23.Bc1d2 d4
24.Nc3e4 dxe3
25.Ne4xf6 gxf6
26.Bd2xa5 exf2
27.Kxf2 b6
28.Ba5c3 Bh5g6
29.g4 Bg6xf5
30.gxf5 Ra8c8
31.Re1g1 Kh7
32.Rg1g3 Rc8c4
33.Rb1g1 Rd8c8
34.Bc3d2 Rc4xc2
35.Ke1 Rc2xa2
36.Rg1g2 Ra2a1
37.Ke2 Ra1a2
38.Rg3h3 Rc8d8
39.Rh3xh6 { resign }
1-0

[Event "Tourn. n9260"]
[Site "www.chess-mail.com"]
[Date "2017.03.12"]
[Round "1"]
[White "Chessghuttlu"]
[Black "Cal"]
[WhiteElo "1449"]
[BlackElo "1680"]
[Result "0-1"]
[Round "1"]
1.d4 d5
2.c4 dxc4
3.Nb1c3 e6
4.e4 Bf8b4
5.Bf1xc4 Bc8d7
6.Ng1e2 h6
7.O-O Bb4xc3
8.Ne2xc3 a6
9.Bc1f4 Nb8c6
10.Rf1e1 b5
 { time }
0-1

[Event "Tourn. n9077"]
[Site "www.chess-mail.com"]
[Date "2017.03.12"]
[Round "1"]
[White "Szustan"]
[Black "Ejner"]
[WhiteElo "2650"]
[BlackElo "2410"]
[Result "1-0"]
[Round "1"]
1.e4 e6
2.d4 d5
3.Nb1c3 dxe4
4.Nc3xe4 Nb8d7
5.Ng1f3 Ng8f6
6.Ne4xf6 Nd7xf6
7.Bf1d3 c5
8.dxc5 Bf8xc5
9.Qd1e2 O-O
10.Bc1g5 h6
11.h4 Qd8a5
12.Bg5d2 Qa5b6
13.Bd2c3 Bc5b4
14.Bc3xb4 Qb6xb4
15.c3 Qb4c5
16.O-O-O Bc8d7
17.Nf3d4 e5
18.Nd4b3 Qc5c7
19.Bd3c2 a5
20.Nb3d2 Bd7e6
21.Rh1e1 Be6xa2
22.g4 Nf6d5
23.Qe2xe5 Qc7xe5
24.Re1xe5 Rf8e8
25.Re5xe8 Ra8xe8
26.Nd2e4 Nd5b6
27.Ne4d6 Re8e2
28.Nd6c8 Nb6d5
29.b3 Nd5f6
30.Rd1d8 Nf6e8
31.Bc2d3 { resign }
1-0

[Event "Tourn. n9263"]
[Site "www.chess-mail.com"]
[Date "2017.03.12"]
[Round "1"]
[White "Picifarkinca"]
[Black "Genius3"]
[WhiteElo "1890"]
[BlackElo "1900"]
[Result "1-0"]
[Round "1"]
1.d4 d5
2.c4 e6
3.Nb1c3 Ng8f6
4.Bc1g5 Bf8e7
5.e3 c6
6.cxd5 exd5
7.Bf1d3 O-O
8.Ng1f3 Rf8e8
{ time. }
1-0

[Event "Tourn. n9119"]
[Site "www.chess-mail.com"]
[Date "2017.03.12"]
[Round "1"]
[White "Julian"]
[Black "Genius3"]
[WhiteElo "1950"]
[BlackElo "1860"]
[Result "1-0"]
[Round "1"]
1.e4 c5
2.Ng1f3 d6
3.Bf1c4 e6
4.d4 cxd4
5.Nf3xd4 Ng8f6
6.Nb1c3 Bf8e7
7.O-O O-O
8.Rf1e1 Nb8c6
9.Bc1e3 Bc8d7
10.f3 Nc6xd4
11.Be3xd4 Bd7c6
12.Bc4b3 e5
13.Bd4e3 Qd8c7
14.Nc3d5 Bc6xd5
15.exd5 a6
16.c4 Ra8c8
17.Ra1c1 Qc7d7
18.c5 dxc5
19.a4 b5
20.axb5 axb5
21.Be3g5 c4
22.Bb3c2 Qd7xd5
23.Bg5xf6 Qd5xd1
24.Rc1xd1 Be7xf6
25.Bc2e4 g6
26.Rd1d5 Rf8d8
27.Re1d1 Rd8xd5
28.Rd1xd5 Rc8b8
29.Kf2 b4
30.Rd5d7 Rb8c8
31.Be4d5 Rc8f8
32.Bd5xc4 e4
33.b3 exf3
34.Kxf3 Bf6c3
35.g4 Bc3e1
36.Kf4 Be1c3
37.h4 Kg7
{ time. }
1-0

[Event "Tourn. n9157"]
[Site "www.chess-mail.com"]
[Date "2017.03.12"]
[Round "1"]
[White "Forest"]
[Black "Aiko1603"]
[WhiteElo "1760"]
[BlackElo "1659"]
[Result "0-1"]
[Round "1"]
1.d4 Ng8f6
2.c4 e6
3.Nb1c3 c5
4.Ng1f3 Nb8c6
5.e3 cxd4
6.exd4 d5
7.Bf1e2 Bf8b4
8.O-O O-O
9.cxd5 exd5
10.Bc1g5 Bb4xc3
11.bxc3 h6
12.Bg5h4 g5
13.Bh4g3 Nf6e4
14.Qd1b3 b6
15.Be2b5 Nc6a5
16.Qb3c2 Ne4xg3
17.hxg3 Qd8f6
18.Nf3e5 Bc8e6
19.Bb5d3 Ra8c8
20.Rf1e1 Kg7
21.Ne5f3 Na5c6
22.Qc2d2 Be6g4
23.Nf3e5 Nc6xe5
24.Re1xe5 Bg4e6
25.Ra1e1 Rf8h8
26.Qd2e3 Rc8xc3
27.Qe3e2 h5
28.Bd3b1 Be6g4
29.f3 Bg4e6
30.Qe2d2 Rc3c4
31.Qd2d3 b5
32.a3 a5
33.Qd3e3 g4
34.f4 h4
35.Re5g5 Kf8
36.gxh4 Rh8xh4
37.g3 Rh4h3
38.Kg2 Rc4xd4
39.Qe3e2 { time. }
0-1

[Event "Tourn. n9045"]
[Site "www.chess-mail.com"]
[Date "2017.03.12"]
[Round "1"]
[White "Krystek23"]
[Black "Fieldfast"]
[WhiteElo "2330"]
[BlackElo "2280"]
[Result "0-1"]
[Round "1"]
1.c4 e5
2.Nb1c3 Ng8f6
3.g3 Bf8b4
4.Bf1g2 O-O
5.e4 Bb4xc3
6.bxc3 d6
7.d3 Nb8c6
8.Ng1e2 Nf6e8
9.d4 Qd8e7
10.Bc1a3 Nc6a5
11.dxe5 Na5xc4
12.exd6 Ne8xd6
13.Ba3b4 a5
14.Bb4c5 Bc8g4
15.O-O Ra8d8
16.h3 Bg4e6
17.Ne2d4 Be6d7
18.Rf1e1 Qe7e5
19.Bc5xd6 Nc4xd6
20.Qd1c2 Rf8e8
21.Ra1b1 Qe5c5
22.Rb1d1 f6
23.Rd1d2 Nd6c4
24.Nd4b3 Qc5a3
25.Rd2d4 Bd7e6
26.Re1d1 Rd8b8
27.Nb3d2 Qa3b2
28.Qc2xb2 Nc4xb2
29.Rd1b1 c5
30.Rd4d6 Nb2a4
31.c4 Rb8d8
32.e5 fxe5
33.Rd6xe6 Re8xe6
34.Bg2d5 Rd8xd5
35.cxd5 Re6b6
36.Rb1e1 Na4c3
37.Nd2c4 Rb6b1
38.Re1xb1 Nc3xb1
39.Nc4xa5 Kf8
40.Na5xb7 c4
41.Nb7c5 Ke7
42.a4 Kd6
43.a5 Kxc5
44.a6 c3
45.a7 c2
46.a8Q c1Q
47.Kg2 Qc1e1
48.Qa8c6 Kd4
49.d6 Nb1d2
50.d7 Qe1f1
51.Kh2 Qf1xf2
52.Qc6g2 Nd2f3
53.Kh1 Qf2e1
{ resign }
0-1

[Event "Tourn. n9199"]
[Site "www.chess-mail.com"]
[Date "2017.03.12"]
[Round "1"]
[White "Sorim"]
[Black "Genius3"]
[WhiteElo "1960"]
[BlackElo "1930"]
[Result "1-0"]
[Round "1"]
1.d4 g6
2.Ng1f3 Bf8g7
3.e4 d6
4.Bf1e2 Ng8f6
5.Nb1c3 O-O
6.O-O c6
7.a3 Bc8g4
8.h3 Bg4xf3
9.Be2xf3 Qd8c7
10.Bc1g5 Nb8d7
11.Rf1e1 e5
12.d5 Rf8e8
13.dxc6 bxc6
14.Qd1e2 Nd7f8
15.Re1d1 Nf8e6
16.Bg5h4 Ne6d4
17.Qe2d3 Nd4xf3
{ time. }
1-0

[Event "Tourn. n9213"]
[Site "www.chess-mail.com"]
[Date "2017.03.12"]
[Round "1"]
[White "Bitcoin"]
[Black "Lucaschess"]
[WhiteElo "1809"]
[BlackElo "1939"]
[Result "1-0"]
[Round "1"]
1.e4 e5
2.Ng1f3 Ng8f6
3.Nf3xe5 d6
4.Ne5f3 Nf6xe4
5.d4 d5
6.Bf1d3 Bf8e7
7.O-O O-O
8.Rf1e1 Bc8f5
9.c4 Be7b4
10.Re1e3 Rf8e8
11.Qd1b3 c5
12.cxd5 cxd4
13.Nf3xd4 Ne4c5
14.Qb3xb4 Nc5xd3
15.Qb4xb7 Nb8d7
16.Nd4xf5 Nd3xc1
17.Nb1d2 Re8xe3
18.fxe3 Nc1d3
19.d6 Nd3e5
20.Nf5e7 Kf8
21.Qb7e4 g6
22.Ra1c1 Ra8b8
23.Rc1c7 Rb8xb2
24.Qe4h4 Rb2xd2
25.Ne7xg6 Ke8
26.Rc7c8 { resign }
1-0

[Event "Match"]
[Site "www.echecsemail.com"]
[Date "2017.03.12"]
[Round "1"]
[White "Coolant"]
[Black "Llord"]
[WhiteElo "2029"]
[BlackElo "2000"]
[Result "1-0"]
[Round "1"]
1.Nb1c3 e5
2.Ng1f3 Nb8c6
3.e4 Bf8c5
4.Nf3xe5 Nc6xe5
5.d4 Bc5b6
6.dxe5 Ng8e7
7.Qd1d3 Ne7g6
8.f4 O-O
9.Bc1e3 Bb6xe3
10.Qd3xe3 d6
11.O-O-O Qd8e7
12.Nc3d5 Qe7d7
13.exd6 Qd7xd6
14.e5 Qd6e6
15.Nd5xc7 Qe6c6
16.Nc7xa8 Bc8f5
17.Bf1d3 Bf5xd3
18.Rd1xd3 Rf8xa8
19.Rh1d1 h6
20.Rd3d8 Ra8xd8
21.Rd1xd8 Kh7
22.f5 Ng6e7
23.Qe3h3 Qc6b6
24.Rd8d1 Ne7c6
25.e6 fxe6
26.fxe6 Qb6c5
27.Qh3d3 Kh8
28.Qd3g6 Qc5f8
29.Qg6f7 Qf8c5
30.Qf7xb7 Nc6b4
31.Rd1d8 Kh7
32.Qb7e4 { resign }
1-0

[Event "Match"]
[Site "www.echecsemail.com"]
[Date "2017.03.12"]
[Round "1"]
[White "Paco"]
[Black "Chessghuttlu"]
[WhiteElo "1910"]
[BlackElo "1449"]
[Result "1-0"]
[Round "1"]
1.e4 c5
2.Bf1c4 e6
3.Ng1h3 Nb8c6
4.d3 Ng8f6
5.Qd1f3 Nc6e5
6.Qf3e2 Ne5xc4
7.dxc4  { time }
1-0

[Event "Match"]
[Site "www.echecsemail.com"]
[Date "2017.03.12"]
[Round "1"]
[White "Gambitmiau"]
[Black "Vaido12"]
[WhiteElo "1930"]
[BlackElo "1599"]
[Result "0-1"]
[Round "1"]
1.e4 c5
2.Ng1f3 e6
3.d4 cxd4
4.c3 dxc3
5.Nb1xc3 a6
6.a3 b5
7.b4 Bf8e7
8.Bf1d3 d6
9.a4 bxa4
10.Bc1e3 Ng8f6
11.Nc3xa4 Nb8d7
12.O-O Bc8b7
13.Ra1c1 Nf6xe4
14.Rf1e1 Ne4f6
15.Bd3e2 O-O
16.Rc1c4 d5
17.Rc4c3 Be7xb4
18.Na4b6 Bb4xc3
19.Nb6xa8 d4
20.Be3f4 Bc3xe1
21.Bf4d6 Nf6e4
22.Nf3xe1 Ne4xd6
23.Be2f3 Bb7xf3
24.Ne1xf3 Qd8xa8
25.Qd1xd4 Rf8b8
26.h3 Rb8b1
27.Kh2 Qa8d5
28.Qd4a4 Nd6e4
{ resign }
0-1

[Event "Match"]
[Site "www.echecsemail.com"]
[Date "2017.03.12"]
[Round "1"]
[White "Billyg"]
[Black "Chessghuttlu"]
[WhiteElo "1730"]
[BlackElo "1449"]
[Result "1-0"]
[Round "1"]
1.e4 c5
2.Ng1f3 d6
3.Bf1b5 Bc8d7
4.O-O a6
5.Bb5xd7 Nb8xd7
6.Nb1c3 e6
7.d4 cxd4
8.Nf3xd4 Ng8f6
9.Bc1g5 Bf8e7
10.Rf1e1 Nd7e5
11.Bg5xf6  { time }
1-0

[Event "Match"]
[Site "www.echecsemail.com"]
[Date "2017.03.12"]
[Round "1"]
[White "Lcmachado"]
[Black "Sonny1000"]
[WhiteElo "1499"]
[BlackElo "1290"]
[Result "0-1"]
[Round "1"]
1.e4 e5
2.Ng1f3 Ng8f6
3.Nb1c3 Nf6g4
4.h3 Ng4xf2
5.Kxf2 Bf8c5
6.d4 exd4
7.Nf3xd4 Qd8f6
8.Ke3 Qf6g5
9.Kd3 Qg5g3
10.Qd1f3 Qg3e5
11.Bc1e3 Bc5xd4
12.Be3xd4 Qe5g5
13.h4 Qg5h6
14.g4 Qh6a6
15.Kd2 Nb8c6
16.Bf1xa6 Nc6xd4
17.Qf3d3 O-O
18.Ba6xb7 Bc8xb7
19.Qd3xd4 c6
20.Ra1e1 Rf8e8
21.Rh1f1 g6
22.Kc1 Bb7a6
23.Rf1f2 h6
24.Qd4xd7 Ba6c4
25.b3 Re8d8
26.Qd7xc6 Bc4e6
27.Rf2d2 Ra8c8
28.Rd2xd8 { time. }
0-1

[Event "Match"]
[Site "www.echecsemail.com"]
[Date "2017.03.12"]
[Round "1"]
[White "Wagner"]
[Black "Winston"]
[WhiteElo "1830"]
[BlackElo "1810"]
[Result "0-1"]
[Round "1"]
1.e4 e6
2.e5 d5
3.d4 c5
4.c3 Nb8c6
5.Ng1f3 Qd8a5
6.Bc1d2 c4
7.b3 cxb3
8.Qd1xb3 Qa5c7
9.Bf1b5 Bc8d7
10.c4 Ng8e7
11.cxd5 Ne7xd5
12.a3 a6
13.Qb3a4 Nd5b6
14.Bd2a5 axb5
15.Ba5xb6 Ra8xa4
16.Bb6xc7 Nc6b4
17.O-O Nb4c2
18.Ra1a2 Nc2xa3
19.Nb1d2 b4
20.Rf1c1 Bf8e7
21.Bc7d6 Be7xd6
22.exd6 Bd7c6
23.Nd2b3 O-O
24.Nf3e5 Rf8c8
25.d7 Bc6xd7
26.Nb3c5 b3
27.Ra2b2 Ra4xd4
28.Rb2xb3 Rc8xc5
29.Ne5d3 Rc5xc1
{ resign }
0-1

[Event "Match"]
[Site "www.echecsemail.com"]
[Date "2017.03.12"]
[Round "1"]
[White "Cal"]
[Black "Chessghuttlu"]
[WhiteElo "1690"]
[BlackElo "1449"]
[Result "1-0"]
[Round "1"]
1.c4 Ng8f6
2.Nb1c3 e6
3.d4 Bf8b4
4.Bc1d2 O-O
5.h3 d5
6.cxd5 Nf6xd5
7.e4 Nd5f6
8.Nc3a4 Bb4xd2
9.Qd1xd2 Nf6xe4
10.Qd2d3 Ne4f6
11.Bf1e2  { time }
1-0

[Event "Match"]
[Site "www.echecsemail.com"]
[Date "2017.03.12"]
[Round "1"]
[White "Cal"]
[Black "Osvalazo"]
[WhiteElo "1510"]
[BlackElo "1800"]
[Result "0-1"]
[Round "1"]
1.d4 e6
2.e4 d5
3.e5 Bf8b4
4.c3 Bb4e7
5.a3 h5
6.Ng1f3 a6
7.Bc1f4 g5
8.Bf4e3 g4
9.Nf3d2 Nb8c6
10.Bf1d3 Be7g5
11.f4 Bg5h4
12.g3 Bh4e7
13.b4 a5
14.b5 Nc6b8
15.a4 h4
16.gxh4 Be7xh4
17.Be3f2 Bh4xf2
18.Kxf2 Qd8h4
19.Ke2 Qh4h6
20.Ke3 Qh6h3
21.Kf2 Qh3xd3
22.Qd1xg4 Kf8
23.Nd2f3 Ng8h6
24.Qg4g5 Ke8
25.Nb1d2 Nh6f5
26.Ra1e1 Qd3xc3
27.Nd2f1 Qc3b2
28.Re1e2 Qb2b4
29.Qg5f6 Rh8g8
30.Nf1d2 Nf5xd4
31.Nf3xd4 Qb4xd4
32.Kf1 Nb8d7
33.Qf6h6 Qd4a1
34.Re2e1 Qa1xa4
35.Re1c1 Qa4xb5
36.Kf2 Qb5b6
37.Ke2 Qb6a6
38.Ke3 Qa6b6
39.Kf3 c6
40.Rh1e1 Nd7f8
41.f5 exf5
42.Qh6f6 Rg8g6
43.Qf6h4 Qb6b2
44.Qh4f4 Rg6g4
45.Qf4e3 d4
46.Qe3d3 Nf8g6
47.Rc1c2 Rg4f4
48.Kg3 Qb2b4
49.Rc2c4 Rf4g4
50.Kf3 Qb4b5
51.h3 Ng6h4
52.Kf2 a4
53.Re1b1 Rg4f4
54.Ke2 Qb5xe5
55.Kd1 Nh4g2
56.Kc2 Ng2e3
57.Kb2 Ne3xc4
58.Qd3xc4 d3
59.Qc4c3 a3
60.Kb3 Bc8e6
{ resign }
0-1

[Event "Match"]
[Site "www.echecsemail.com"]
[Date "2017.03.12"]
[Round "1"]
[White "Darknight"]
[Black "Castletyme"]
[WhiteElo "1800"]
[BlackElo "1700"]
[Result "0-1"]
[Round "1"]
1.e4 e6
2.Bf1c4 Nb8c6
3.c3 d5
4.exd5 exd5
5.Bc4b3 Ng8f6
6.h3 Bf8e7
7.d3 O-O
8.a3 Rf8e8
9.Bc1e3 d4
10.cxd4 Nc6xd4
11.Bb3a2 Be7c5
12.Nb1c3 Nd4f5
13.Ng1e2 Bc5xe3
14.g4 Be3xf2
15.Kxf2 Nf5e3
16.Qd1d2 c6
17.Ra1g1 Qd8b6
18.Ke1 Bc8e6
19.Ba2xe6 Re8xe6
20.g5 Nf6h5
21.h4 Nh5f4
22.Nc3e4 Nf4xe2
23.Qd2xe2 Ne3f5
24.Kd1 Nf5d6
25.Kc1 Nd6xe4
26.dxe4 Ra8e8
27.Rg1g4 Qb6d4
28.Rh1e1 Re6e5
29.Qe2g2 Re5c5
30.Kb1 Qd4d3
31.Ka1 Rc5c2
32.Qg2f1 Qd3d4
33.Re1d1 Qd4xb2

0-1

[Event "Match"]
[Site "www.echecsemail.com"]
[Date "2017.03.12"]
[Round "1"]
[White "Wagner"]
[Black "Chessghuttlu"]
[WhiteElo "1820"]
[BlackElo "1449"]
[Result "1-0"]
[Round "1"]
1.e4 c5
2.Bf1c4 e6
3.d3 a6
4.Bc1e3 b5
5.Bc4b3 Nb8c6
6.c3 Ng8f6
7.Ng1f3 Bf8e7
8.h3 Bc8b7
9.e5 Nf6d5
10.h4  { time }
1-0

[Event "1/32 Finale"]
[Site "www.chess-mail.com"]
[Date "2017.03.12"]
[Round "1"]
[White "Stepanpech"]
[Black "Bronstein70"]
[WhiteElo "2150"]
[BlackElo "2360"]
[Result "1-0"]
[Round "1"]
1.e4 e5
2.Ng1f3 Nb8c6
3.Bf1b5 a6
4.Bb5a4 Ng8f6
5.O-O Bf8e7
6.Rf1e1 b5
7.Ba4b3 O-O
8.c3 Bc8b7
9.d4 d6
10.h3 Rf8e8
11.Nb1d2 exd4
12.cxd4 Nc6a5
13.Bb3c2 c5
14.d5 Nf6d7
15.Ra1b1 Ra8c8
16.b3 Be7f6
17.Nd2f1 Nd7e5
18.Nf3xe5 Bf6xe5
19.Nf1e3 Qd8c7
20.Ne3f5 Rc8b8
21.f4 Be5f6
22.Qd1g4 Bb7xd5
23.Nf5xg7 Bf6xg7
24.Bc1b2 f5
25.exf5 Qc7d7
26.Re1d1 Kf8
27.Rd1xd5 Bg7xb2
28.Rb1xb2 Re8e1
29.Kh2 Na5c6
30.Qg4h4 Nc6b4
31.Qh4h6 Ke7
32.f6 { resign }
1-0

[Event "1/128 Finale"]
[Site "www.chess-mail.com"]
[Date "2017.03.12"]
[Round "1"]
[White "Naujzaid"]
[Black "Esperanza"]
[WhiteElo "2140"]
[BlackElo "2080"]
[Result "1-0"]
[Round "1"]
1.d4 Ng8f6
2.c4 c5
3.d5 e5
4.Nb1c3 d6
5.e4 Nb8d7
6.Ng1f3 Bf8e7
7.Bf1d3 O-O
8.O-O Nf6e8
9.Nf3e1 g6
10.f4 f5
11.exf5 gxf5
12.fxe5 Nd7xe5
13.Bc1h6 Rf8f7
14.Qd1h5 Ne5xd3
15.Ne1xd3 Ne8f6
16.Qh5g5 Kh8
17.Ra1e1 Nf6e4
18.Qg5h5 Qd8g8
19.Nc3xe4 { resign }
1-0

[Event "1/8 Finale"]
[Site "www.chess-mail.com"]
[Date "2017.03.12"]
[Round "1"]
[White "Sachpat"]
[Black "Shirovkirk"]
[WhiteElo "2600"]
[BlackElo "2420"]
[Result "1-0"]
[Round "1"]
1.e4 e6
2.d4 d5
3.Nb1c3 Bf8b4
4.e5 c5
5.a3 Bb4xc3
6.bxc3 Ng8e7
7.Qd1g4 Qd8c7
8.Qg4xg7 Rh8g8
9.Qg7xh7 cxd4
10.Ng1e2 Nb8c6
11.f4 dxc3
12.Qh7d3 Bc8d7
13.Qd3xc3 Ne7f5
14.Ra1b1 O-O-O
15.h3 d4
16.Qc3c4 Kb8
17.g4  { time }
1-0